Stratified mappings--structure and triangulability

Αποθηκεύτηκε σε:
Λεπτομέρειες βιβλιογραφικής εγγραφής
Κύριος συγγραφέας: Verona, Andrei
Μορφή: Βιβλίο
Γλώσσα:English
Δημοσίευση: Berlin : Springer-Verlag, 1984
Σειρά:Lecture notes in mathematics (Springer-Verlag) ; 1102
Θέματα:
Ετικέτες: Προσθήκη ετικέτας
Δεν υπάρχουν, Καταχωρήστε ετικέτα πρώτοι!

MARC

LEADER 00000nam a2200000 i 4500
001 1/62247
008 941103s1984 eng d
020 |a 3-540-13898-6 
035 |a 1993  |l 10046577 
040 |a GR-MY-UA  |b gre  |e aacr 
041 0 |a eng 
082 0 |a 516.36 
100 1 |a Verona, Andrei. 
245 1 0 |a Stratified mappings--structure and triangulability /  |c Andrei Verona 
260 |a Berlin :   |b Springer-Verlag,   |c 1984 
300 |a ix, 160 p.;  |c 25 cm. 
490 1 |a Lecture notes in mathematics (Springer-Verlag)  |v ; 1102 
500 |a "Subseries: Mathematisches Institut der Universiteat und Max-Planck-Institut feur Mathematik, Bonn -- vol. 4." 
500 |a Includes bibliographical references and index 
650 0 0 |a Stratified sets. 
650 0 0 |a Differentiable mappings. 
650 0 0 |a Triangulating manifolds. 
830 0 |a Lecture notes in mathematics (Springer-Verlag)  |v ; 1102 
852 |a INST  |b SAMOS  |e 19941103  |h 516.36 VER  |p 005300006999  |q 005300006999  |t BK  |y 0 
909 |a Σ  |b 029011